| 000 | 01302nam0a22003131 4500 | ||
|---|---|---|---|
| 001 | rc\4437703 | ||
| 005 | 20260407023320.0 | ||
| 021 |
_aRU _bРг3050-59 |
||
| 035 | _a(NLR Aleph) 008313943 | ||
| 090 |
_a8714845 _c8714845 |
||
| 100 | _a20130416d1959 |||y0rusy50 ca | ||
| 101 | 0 | _arus | |
| 102 | _aRU | ||
| 105 | _aa z ||||| | ||
| 200 | 1 |
_aИз опыта работы технических конторщиков и списчиков сортировочных станций Куйбышевской железной дороги _fСССР. МПС. Упр. и ДорНТО Куйбышев. ж. д. |
|
| 210 |
_aКуйбышев _cБ. и. _d1959 |
||
| 215 |
_a14 с. _cил. _d22 |
||
| 225 | 1 | _aОбмен опытом | |
| 300 | _aВ конце текста сост.: Петровский Л.К., Кононов М.И., Зверев З.Т. и инж. Кочелаевская Р.И. | ||
| 702 | 1 |
_aЗверев _bЗ.Т. _4220 |
|
| 702 | 1 |
_aКочелавская _bР.И. _4220 |
|
| 702 | 1 |
_aКононов _bМ.И. _4220 |
|
| 702 | 1 |
_aПетровский _bЛ.К. _4220 |
|
| 712 | 0 | 2 |
_aКуйбышевская железная дорога _9515178 _3RU\NLR\AUTH\8810008714 |
| 801 | 0 |
_aRU _bNLR _gpsbo |
|
| 801 | 1 |
_aRU _bELAR _2rusmarc |
|
| 852 |
_aNLR _j59-6/3817 |
||
| 942 | _cBOOK | ||
| 980 | _aNB | ||